| 000 | 00584nam a2200193 i 4500 | ||
|---|---|---|---|
| 001 | 120966 | ||
| 003 | ES-MaACL | ||
| 005 | 20250911063547.0 | ||
| 007 | t| | ||
| 008 | 070214s1944 ag r ||||1| spa d | ||
| 100 | 1 |
_aPonce, Aníbal, _d1898-1938 _992937 |
|
| 245 | 1 | 0 |
_aEstudios de psicología / _cAníbal Ponce. |
| 250 | _a2ª. ed. | ||
| 260 |
_aBuenos Aires : _bEl Ateneo, _c1944. |
||
| 300 |
_a472 p., 1 lám. : _bretrato de la hermana del autor ; _c22 cm. |
||
| 650 | 0 | 7 |
_aPsicología _2embne _916540 |
| 852 |
_aES-MaACL _jE-1857 _bR.22684 |
||
| 999 |
_c120966 _d120966 |
||